Текст томруулах:    
October fury (Бичлэгийн дугаар. 145076)
000 -УДИРДЛАГА
Удирдлага 02098nam a22003257a 4500
003 - ХЯНАЛТЫН ТОО ТОДОРХОЙЛОГЧ
Код MN-UlNUM
005 - БИЧИЛТ ХИЙСЭН ОГНОО
Тухайн бичилтийг бичсэн засварласан сүүлийн огноо 20251029091528.0
008 - ЕРӨНХИЙ МЭДЭЭЛЭЛ
Ерөнхий мэдээлэл 251028s2002 nyu 001 | eng d
020 ## - ISBN
ISBN 0471415340
-- 0471415343
040 ## - БИЧЛЭГ ҮҮСГЭГЧ БАЙГУУЛЛАГА
Бичлэг үүсгэгч номын сангийн код МУИС-ийн номын сан
084 ## - ББК АНГИЛАЛ
Нэмэлт тусгалт Нэг сэдэвт бүтээл
ББК ангилал 63.3(0)63
Зохиогчийн гурван тэмдэгт H 88
Мэдлэгийн ялгаа 63 - Түүх
100 ## - ЗОХИОГЧ
Зохиогчийн нэр Huchthausen, Peter A
245 ## - ҮНДСЭН ГАРЧИГ
Номын нэр October fury
260 ## - ГАРАЛТЫН МЭДЭЭ
Хэвлэгдсэн газар Hoboken, N.J
Хэвлэлийн газар J. Wiley & Sons
Хэвлэгдсэн он 2002
300 ## - МАТЕРИАЛЫН ТОДОРХОЙЛОЛТ
хуудасны тоо v, 281 p. :
Бусад тоон мэдээлэл ill., maps ;
Хэмжээ 25 cm
500 ## - Тайлбар
Дансны дугаар БС 3258
505 ## - Агуулгын тэмдэглэгээ
Агуулгын тэмдэглэгээ It was the most spectacular display of brinkmanship in the Cold War era. In October 1962, President Kennedy risked inciting a nuclear war to prevent the Soviet Union from establishing missile bases in Cuba. The risk, however, was far greater than Kennedy realized.
October Fury uncovers startling new information about the Cuban missile crisis and the potentially calamitous confrontation between U.S. Navy destroyers and Soviet submarines in the Atlantic. Peter Huchthausen, who served as a junior ensign aboard one of the destroyers, reveals that a single shot fired by any U.S. warship could have led to an immediate nuclear response from the Soviet submarines.
This riveting account re-creates those desperate days of confrontation from both the American and Russian points of view and discloses detailed information about Soviet operational plans and the secret orders given to submarine commanders. It provides an engrossing, behind-the-scenes look at the technical and tactical functions of two great navies along with stunning portraits of the officers and sailors on both sides who were determined to do their duty even in the most extreme circumstances.
As absorbing and detailed as a Tom Clancy novel, this real-life suspense thriller is destined to become a classic of naval literature.
546 ## - ХЭЛНИЙ ТУХАЙ МЭДЭЭ
Хэл Англи хэл дээр,
653 ## - Түлхүүр үг
Түлхүүр үг cuba
653 ## - Түлхүүр үг
Түлхүүр үг history
653 ## - Түлхүүр үг
Түлхүүр үг 20th century
653 ## - Түлхүүр үг
Түлхүүр үг destroyers
740 ## - НОМЫН ГАРЧИГ
Гарчиг Cuba Libre
740 ## - НОМЫН ГАРЧИГ
Гарчиг Spies and Diplomats
740 ## - НОМЫН ГАРЧИГ
Гарчиг Russian Roulette
740 ## - НОМЫН ГАРЧИГ
Гарчиг Hide-and-Seek
740 ## - НОМЫН ГАРЧИГ
Гарчиг Endgame
942 ## - ЭЛЕМЕНТИЙН ТӨРӨЛ
Зүйлийн төрөл Ном